[Event "Deutsche Einzelmeisterschaft"]
[Site "Heringsdorf"]
[Date "2000.11.22"]
[Round "6"]
[White "Bunzmann, Dimitrij"]
[Black "Naiditsch, Arkadij"]
[Result "1/2-1/2"]
[WhiteElo "2484"]
[BlackElo "2449"]
[PlyCount "60"]

1. d4 Nf6 2. Nf3 e6 3. c4 Bb4+ 4. Nbd2 O-O 5. a3 Bxd2+ 6. Bxd2 Ne4 7. Bf4 d6 8.
g3 f5 9. Bg2 Nd7 10. O-O Qe7 11. Bc1 b6 12. Nd2 Bb7 13. Nxe4 fxe4 14. Qc2 Nf6
15. Bg5 d5 16. Rac1 c6 17. f3 h6 18. Bxf6 Qxf6 19. Qd2 exf3 20. Bxf3 Qg6 21. b4
Rac8 22. b5 22... c5 {#} 23. dxc5 Rxc5 24. cxd5 Rxc1 25. Rxc1 Bxd5 26. Bxd5
exd5 27. Qxd5+ Kh8 28. Rf1 Re8 29. e4 Qg4 30. Rf2 Rxe4 1/2-1/2

[Event "Deutsche Einzelmeisterschaft"]
[Site "Heringsdorf"]
[Date "2000.11.22"]
[Round "6"]
[White "Gutman, Lev"]
[Black "Nenaschew, Alexander"]
[Result "0-1"]
[WhiteElo "2533"]
[BlackElo "2642"]
[PlyCount "126"]

1. Nf3 Nf6 2. g3 d5 3. Bg2 e6 4. O-O Be7 5. d4 O-O 6. c4 c6 7. Qb3 b6 8. Bf4
Ba6 9. Nbd2 Nbd7 10. Rfe1 c5 11. Rad1 Bb7 12. dxc5 Nxc5 13. Qc2 Rc8 14. Qb1 h6
15. Be5 Ncd7 16. cxd5 Nxe5 17. Nxe5 Nxd5 18. Nd3 Qc7 19. Rc1 Qb8 20. Nf3 Rxc1
21. Rxc1 Rc8 22. Nfe5 Rc7 23. Rd1 Bd6 24. Nf3 Rc8 25. Nd4 Rc4 26. e3 a6 27. Ne2
Be7 28. Ne1 b5 29. a3 Nb6 30. Bxb7 Qxb7 31. Nf4 Rc8 32. h4 Nc4 33. Qa2 a5 34.
Ne2 a4 35. Nd4 Rd8 36. Rc1 Bf6 37. b3 Na5 38. b4 Bxd4 39. bxa5 Bf6 40. Qe2 Qa6
41. Rb1 Rb8 42. Qd2 Bd8 43. Nf3 Bxa5 44. Qd3 Bd8 45. Nd4 Be7 46. Rxb5 Rd8 47.
Qe2 Bxa3 48. Rb8 Qd6 49. Rxd8+ Qxd8 50. Qa2 Qd6 51. Qc4 Qd7 52. Nc2 Bf8 53. Nd4
a3 54. Ne2 Qd5 55. Qxd5 exd5 56. Nc1 h5 57. Kf1 Kh7 58. Ke2 Kg6 59. Kd3 Kf5 60.
Na2 Kg4 61. Ke2 Bd6 62. Nc1 f6 63. Na2 g5 0-1

[Event "Deutsche Einzelmeisterschaft"]
[Site "Heringsdorf"]
[Date "2000.11.22"]
[Round "6"]
[White "Prusikhin, Mikhailo"]
[Black "Slobodjan, Roman"]
[Result "1/2-1/2"]
[WhiteElo "2460"]
[BlackElo "2539"]
[PlyCount "31"]

1. d4 d5 2. c4 c6 3. Nc3 Nf6 4. e3 a6 5. Bd3 dxc4 6. Bxc4 b5 7. Be2 Bb7 8. Bf3
Nbd7 9. Nge2 e6 10. O-O Qc7 11. Ng3 c5 12. Bxb7 Qxb7 13. dxc5 Bxc5 14. b3 O-O
15. Bb2 Rfd8 16. Qe2 1/2-1/2

[Event "Deutsche Einzelmeisterschaft"]
[Site "Heringsdorf"]
[Date "2000.11.22"]
[Round "6"]
[White "Berezovsky, Igor"]
[Black "Mueller, Karsten"]
[Result "1/2-1/2"]
[WhiteElo "2404"]
[BlackElo "2513"]
[PlyCount "133"]

1. c4 e5 2. Nc3 Nf6 3. Nf3 Nc6 4. e3 d5 5. cxd5 Nxd5 6. Bb5 Nxc3 7. bxc3 Bd6 8.
O-O O-O 9. d4 e4 10. Nd2 Bf5 11. f4 exf3 12. Qxf3 Bg6 13. e4 f6 14. Bb2 Ne5 15.
Qe2 Nf7 16. Rae1 c6 17. Bc4 Kh8 18. Nf3 Qc7 19. e5 fxe5 20. Nh4 exd4 21. Nxg6+
hxg6 22. cxd4 {#} 22... Bxh2+ 23. Kh1 Nh6 24. Qd3 Qg3 25. d5 Qh4 26. Qh3 Rxf1+
27. Rxf1 Qxh3 28. gxh3 Bd6 29. dxc6 bxc6 30. Rd1 Nf5 31. Be6 Bf8 32. Rg1 Rb8
33. Be5 Rb5 34. Bc3 Rc5 35. Bb4 Re5 36. Bxf5 Rxf5 37. Bxf8 Rxf8 38. Rxg6 Rc8
39. Kg2 c5 40. Kf2 c4 41. Ke2 c3 42. Kd1 Kh7 43. Ra6 c2+ 44. Kc1 Rc7 45. Rd6 g6
46. Rd3 Kh6 47. Rf3 Kh5 48. Ra3 Kh4 49. Rf3 g5 50. Ra3 Rc5 51. Re3 Ra5 52. a3
Rc5 53. Rf3 Rc4 54. Re3 a5 55. Rd3 a4 56. Re3 Kh5 57. Rg3 Kg6 58. Rf3 Rc5 59.
Rg3 Rc4 60. Re3 Kf5 61. Rd3 Kf4 62. Rd8 Rc5 63. Rd3 Rc4 64. Rd8 Ke5 65. Rd3 Kf5
66. Rd5+ Kf4 67. Rd8 1/2-1/2

[Event "Deutsche Einzelmeisterschaft"]
[Site "Heringsdorf"]
[Date "2000.11.22"]
[Round "6"]
[White "Rabiega, Robert"]
[Black "Holzhaeuer, Mathias"]
[Result "1-0"]
[WhiteElo "2487"]
[BlackElo "2362"]
[PlyCount "107"]

1. e4 d5 2. exd5 Nf6 3. Bb5+ Bd7 4. Be2 Nxd5 5. d4 Bf5 6. Nf3 e6 7. O-O Be7 8.
a3 O-O 9. c4 Nb6 10. Nc3 Nc6 11. Be3 Bf6 12. h3 Qd7 13. c5 Nd5 14. Bb5 a6 15.
Ba4 Bg6 16. Qe2 b5 17. Bb3 Rfe8 18. Rad1 Rad8 19. Bc1 Nde7 20. Be3 Qc8 21. Rd2
Nd5 22. Rfd1 Nxe3 23. fxe3 e5 24. Nd5 exd4 25. Nxf6+ gxf6 26. Nxd4 Nxd4 27.
Rxd4 Rxd4 28. Rxd4 Qf5 29. Bd5 Qg5 30. Kf2 Qf5+ 31. Kg1 Qg5 32. h4 Qe5 33. Qf3
Kg7 34. Kf2 Rd8 35. b4 h5 36. Qd1 Re8 37. Qd2 Rd8 38. Bf3 Re8 39. Rd5 Qh2 40.
Qd4 40... Re5 {#} 41. Qf4 Qh1 42. Rxe5 fxe5 43. Qxe5+ Kh7 44. Qxc7 Qxh4+ 45.
Qg3 Qf6 46. Qf4 Qb2+ 47. Kg1 Qxa3 48. c6 a5 49. c7 Qc1+ 50. Kh2 axb4 51. Bb7 b3
52. c8=Q b2 53. Qf8 b1=Q 54. Q4h6# {#} 1-0

[Event "Deutsche Einzelmeisterschaft"]
[Site "Heringsdorf"]
[Date "2000.11.22"]
[Round "6"]
[White "Voekler, Bernd"]
[Black "Meins, Gerlef"]
[Result "1-0"]
[WhiteElo "2345"]
[BlackElo "2426"]
[PlyCount "123"]

1. e4 c5 2. Nf3 Nc6 3. d4 cxd4 4. Nxd4 Nf6 5. Nc3 d6 6. Bg5 e6 7. Qd2 Be7 8.
O-O-O Nxd4 9. Qxd4 O-O 10. h4 Qa5 11. Kb1 Rd8 12. Qd2 Qc7 13. Bd3 a6 14. h5 h6
15. Bh4 b5 16. g4 b4 17. Ne2 d5 18. e5 Ne4 19. Qf4 Bb7 20. f3 Bxh4 21. Rxh4
21... Rac8 {#} 22. Rc1 Qe7 23. Rh2 Qg5 24. Qxg5 hxg5 25. Ng1 Nc5 26. Nh3 f6 27.
Re1 Kf7 28. f4 gxf4 29. Nxf4 Ne4 30. Ng6 a5 31. Rf1 Ra8 32. exf6 gxf6 33. Bxe4
dxe4 34. Rhf2 Kg7 35. Rxf6 Rd1+ 36. Rxd1 Kxf6 37. Rf1+ Kg5 38. Ne5 e3 39. Re1
Kf4 40. Nc4 Kxg4 41. Rxe3 Bd5 42. Nb6 Rh8 43. Nxd5 exd5 44. a3 Rxh5 45. axb4
axb4 46. Rb3 Kf4 47. Rxb4+ Ke5 48. Rb6 Rh2 49. Rc6 d4 50. Rc8 Rh7 51. b3 Rh2
52. Rd8 Rh7 53. Kb2 Rb7 54. Rc8 Kd5 55. Ka3 Ra7+ 56. Kb4 Ra2 57. Kb5 Ke4 58. b4
Ke3 59. Rc4 Ra8 60. Kb6 Ra4 61. Kc5 Ra8 62. b5 1-0

[Event "Deutsche Einzelmeisterschaft"]
[Site "Heringsdorf"]
[Date "2000.11.22"]
[Round "6"]
[White "Woll, Wilfried"]
[Black "Naumann, Alexander"]
[Result "0-1"]
[WhiteElo "2170"]
[BlackElo "2489"]
[PlyCount "134"]

1. c4 Nf6 2. Nc3 d5 3. cxd5 Nxd5 4. g3 g6 5. Bg2 Nb6 6. d3 Bg7 7. Be3 Nc6 8.
Nf3 O-O 9. O-O e5 10. Ng5 Nd4 11. Nge4 c6 12. b4 a5 13. a3 f5 14. Nc5 Kh8 15.
Qd2 e4 16. Rab1 axb4 17. axb4 Ra3 18. Bg5 Qe8 19. Nd1 exd3 20. exd3 Qf7 21. Re1
Ra2 22. Rb2 {#} 22... Nb3 23. Nxb3 Bxb2 24. Qc2 Be6 25. Rxe6 Qxe6 26. Nxb2 Na4
27. Bc1 Qf6 28. d4 Re8 29. Qd2 Qe6 30. Qc2 Qe1+ 31. Bf1 Qc3 32. Qxc3 Nxc3 33.
Nd3 Ne2+ 34. Bxe2 Rexe2 35. Be3 Ra3 36. Nbc1 Rc2 37. Kf1 Kg8 38. Ke1 Ra1 39. h4
Rb1 40. Kd1 Ra2 41. Bd2 Kf7 42. Ke2 Ra3 43. Nf4 Ra4 44. Nfd3 Ke7 45. Bf4 Raxb4
46. Nxb4 Rxb4 47. Kd3 Ra4 48. Nb3 Ra2 49. Bd2 Kd6 50. Nc1 Ra3+ 51. Kc4 b5+ 52.
Kb4 Ra4+ 53. Kc3 Kd5 54. Be3 f4 55. gxf4 Ke4 56. Kb3 h5 57. Ne2 Kf5 58. Nc3 Ra6
59. d5 cxd5 60. Nxb5 Kg4 61. Nc3 Kxh4 62. Nxd5 Kg4 63. Nc3 h4 64. Ne4 h3 65.
Ng3 Ra1 66. Kc2 h2 67. Kd3 Kf3 0-1

[Event "Deutsche Einzelmeisterschaft"]
[Site "Heringsdorf"]
[Date "2000.11.22"]
[Round "6"]
[White "Paulsen, Dirk"]
[Black "Glienke, Manfred Dr"]
[Result "1/2-1/2"]
[WhiteElo "2431"]
[BlackElo "2348"]
[PlyCount "160"]

1. d4 d5 2. Nf3 Nf6 3. c4 e6 4. Nc3 Be7 5. Bg5 h6 6. Bxf6 Bxf6 7. e3 O-O 8. Qd2
dxc4 9. Bxc4 c5 10. dxc5 Nd7 11. Ne4 Be7 12. c6 bxc6 13. O-O c5 14. Rfd1 Qb6
15. Qc2 Nf6 16. Ne5 Rb8 17. b3 Rb7 18. Nc3 Qc7 19. f4 Rb6 20. a4 a6 21. Bd3 Rd6
22. Ne4 Nxe4 23. Bxe4 Rfd8 24. Kf2 Bb7 25. Rxd6 Rxd6 26. Nc4 Rd8 27. Bxb7 Qxb7
28. Rd1 Rd5 29. Rd3 Bh4+ 30. g3 Bf6 31. Nd6 Qb4 32. Qd1 Rxd3 33. Qxd3 Qb6 34.
Ne4 Qc6 35. Ke2 Be7 36. Kd1 f5 37. Nd2 Bf6 38. Kc2 Kf7 39. e4 fxe4 40. Qxe4 Qd5
41. Qd3 Qc6 42. Qe4 Qd5 43. Qc4 Qc6 44. f5 Bd4 45. Kd3 Ke7 46. Qxe6+ Qxe6 47.
fxe6 Kxe6 48. Kc4 Bg1 49. h3 Kd6 50. Ne4+ Kc6 51. g4 Be3 52. h4 g6 53. h5 gxh5
54. gxh5 Bg1 55. Ng3 Bh2 56. Nf5 Bf4 57. Kd3 Bg5 58. Ke4 Bd2 59. Ke5 c4 60.
bxc4 Kc5 61. Nd6 Bc1 62. a5 Bb2+ 63. Ke6 Bc1 64. Kd7 Be3 65. Ne8 Bd2 66. Nc7
Bxa5 67. Nxa6+ Kxc4 68. Ke6 Bd2 69. Nc7 Kc5 70. Nd5 Kc6 71. Ne7+ Kc7 72. Ng8
Bc1 73. Kf7 Kd6 74. Kg6 Ke6 75. Nxh6 Bxh6 76. Kxh6 Kf6 77. Kh7 Kf7 78. h6 Kf8
79. Kh8 Kf7 80. h7 Kf8 1/2-1/2

[Event "Deutsche Einzelmeisterschaft"]
[Site "Heringsdorf"]
[Date "2000.11.22"]
[Round "6"]
[White "Heck, Norbert"]
[Black "Baramidze, David"]
[Result "1-0"]
[WhiteElo "2340"]
[BlackElo "2242"]
[PlyCount "73"]

1. d4 Nf6 2. Nf3 g6 3. c4 Bg7 4. g3 O-O 5. Bg2 c6 6. Nc3 d5 7. cxd5 cxd5 8. Ne5
e6 9. O-O Bd7 10. f4 Nc6 11. Be3 Qe7 12. Rc1 Rfc8 13. Bf2 Be8 14. e3 Na5 15. g4
Nd7 16. Qe2 a6 17. Rfd1 b5 18. b3 Nb6 19. Qd2 Nb7 20. Ne2 Nd6 21. Ng3 Qb7 22.
Nd3 Nd7 23. Be1 Bf8 24. Qb2 Nf6 25. g5 Nd7 26. Bb4 Qa7 27. Qa3 Nb7 28. Bxf8
Nxf8 29. Qe7 Nd7 30. Ne5 Nxe5 31. fxe5 Qb6 32. Ne2 Bc6 33. Rf1 Rc7 34. Qf6 Rac8
35. Bh3 {#} 35... Be8 36. Rxc7 Rxc7 37. Nf4 1-0

[Event "Deutsche Einzelmeisterschaft"]
[Site "Heringsdorf"]
[Date "2000.11.22"]
[Round "6"]
[White "Bruch, Jochen"]
[Black "Bischoff, Klaus"]
[Result "0-1"]
[WhiteElo "2336"]
[BlackElo "2556"]
[PlyCount "48"]

1. Nf3 e6 2. g3 d5 3. Bg2 c5 4. O-O Nc6 5. d3 Bd6 6. Nbd2 Nge7 7. e4 O-O 8. Re1
Bc7 9. Nf1 d4 10. Nh4 e5 11. a3 Be6 12. f4 exf4 13. gxf4 Ng6 14. Nxg6 fxg6 15.
e5 Bd5 16. Ng3 Bxg2 17. Kxg2 {#} 17... g5 18. fxg5 Qd5+ 19. Ne4 Nxe5 20. Bd2
Nf3 21. Rh1 Rae8 22. Rf1 Qe5 23. Rxf3 Qxh2+ 24. Kf1 Bg3 0-1

[Event "Deutsche Einzelmeisterschaft"]
[Site "Heringsdorf"]
[Date "2000.11.22"]
[Round "6"]
[White "Pfretzschner, Roland"]
[Black "Reeh, Oliver"]
[Result "0-1"]
[WhiteElo "2295"]
[BlackElo "2420"]
[PlyCount "86"]

1. e4 c5 2. Nf3 Nc6 3. Bb5 g6 4. O-O Bg7 5. Nc3 d6 6. e5 dxe5 7. Bxc6+ bxc6 8.
Re1 f6 9. d3 Nh6 10. Be3 Nf7 11. Bxc5 f5 12. Nd2 O-O 13. f3 Qc7 14. Bf2 h5 15.
Na4 g5 16. Nc5 g4 17. Qe2 Qd6 18. Rad1 Qg6 19. Kh1 Kh7 20. d4 e4 21. fxe4 f4
22. e5 Bf5 23. Nd3 Bh6 24. Bh4 {#} 24... f3 25. gxf3 gxf3 26. Qxf3 Ng5 27. Bxg5
Bxg5 28. Nf4 Bxf4 29. Qxf4 Bxc2 30. Qg3 Qxg3 31. hxg3 Bxd1 32. Rxd1 Rf2 33. Nc4
Rc2 34. Ne3 Rxb2 35. d5 cxd5 36. Nxd5 Rab8 37. Nxe7 Rb1 38. Rxb1 Rxb1+ 39. Kg2
Rb2+ 40. Kf3 Rxa2 41. Nd5 Kg7 42. e6 a5 43. Kf4 a4 0-1

[Event "Deutsche Einzelmeisterschaft"]
[Site "Heringsdorf"]
[Date "2000.11.22"]
[Round "6"]
[White "Senff, Martin"]
[Black "Schramm, Christian"]
[Result "1/2-1/2"]
[WhiteElo "2354"]
[BlackElo "2326"]
[PlyCount "95"]

1. e4 d5 2. exd5 Qxd5 3. Nc3 Qa5 4. d4 c6 5. Nf3 Nf6 6. Bc4 Bf5 7. Bd2 e6 8.
Qe2 Qd8 9. O-O-O Be7 10. Ne5 h5 11. Rhe1 Nbd7 12. Bb3 Nxe5 13. dxe5 Nd5 14. Ne4
b5 15. Kb1 Qb6 16. Ka1 a5 17. Nd6+ Bxd6 18. exd6 Rd8 19. Bg5 19... f6 {#} 20.
Bxd5 cxd5 21. Rxd5 O-O 22. Be3 Qc6 23. Rxb5 Rxd6 24. Rb6 Qc7 25. Rxd6 Qxd6 26.
Qd2 Qc7 27. Qc3 Qxc3 28. bxc3 Rb8 29. Rb1 Rxb1+ 30. Kxb1 Be4 31. g3 Bd5 32. Kb2
a4 33. Ka3 Kf7 34. Kxa4 Bxa2 35. Kb5 Ke7 36. c4 Kd7 37. Bd4 Kc7 38. Bc3 Kd7 39.
f4 Kc7 40. Bd4 Kd7 41. Bc3 Kc7 42. h3 Kd7 43. g4 hxg4 44. hxg4 Bb1 45. c5 Bxc2
46. c6+ Kc7 47. Kc5 Bd1 48. g5 1/2-1/2

[Event "Deutsche Einzelmeisterschaft"]
[Site "Heringsdorf"]
[Date "2000.11.22"]
[Round "6"]
[White "Braun, Peter"]
[Black "Alber, Horst"]
[Result "0-1"]
[WhiteElo "2264"]
[BlackElo "2340"]
[PlyCount "108"]

1. Nf3 Nf6 2. d4 g6 3. c4 Bg7 4. g3 O-O 5. Bg2 Nc6 6. O-O a6 7. Nc3 Rb8 8. Rb1
d6 9. Re1 b5 10. cxb5 axb5 11. b4 e5 12. d5 Ne7 13. Nd2 Bd7 14. Nb3 h6 15. Na5
Qe8 16. h3 Nh7 17. e4 Ng5 18. Kh2 f5 19. f3 Nh7 20. Rf1 h5 21. Bd2 f4 22. g4
Bf6 23. Be1 Kf7 24. Kg1 Rh8 25. Rc1 Qc8 26. Rc2 Ng5 27. h4 {#} 27... Nxf3+ 28.
Bxf3 hxg4 29. Bg2 Bxh4 30. Ne2 Bxe1 31. Qxe1 g5 32. Qc1 Qa6 33. Rf2 Ke8 34.
Rxc7 Qb6 35. Kf1 Kd8 36. Rc3 Ra8 37. a3 Ng6 38. Nc6+ Ke8 39. Ng3 Nh4 40. Nf5
Nxg2 41. Nxd6+ Kf8 42. Nxe5 Qxd6 43. Nxd7+ Qxd7 44. Kxg2 Qd6 45. Rc8+ Ke7 46.
Qc7+ Qxc7 47. Rxc7+ Kd6 48. Rc6+ Ke5 49. Re6+ Kd4 50. d6 Ke3 51. Rf1 Rxa3 52.
Rb1 Ra2+ 53. Kg1 f3 54. Rb3+ Kf4 0-1

[Event "Deutsche Einzelmeisterschaft"]
[Site "Heringsdorf"]
[Date "2000.11.22"]
[Round "6"]
[White "Enigk, Frank"]
[Black "Bischoff, Dieter"]
[Result "1-0"]
[WhiteElo "2195"]
[BlackElo "2194"]
[PlyCount "101"]

1. c4 g6 2. Nc3 Bg7 3. e4 d6 4. d4 Nf6 5. Be2 O-O 6. Bg5 Na6 7. Qd2 Qe8 8. f3
e5 9. d5 Nh5 10. Bd3 Nf4 11. g3 Nxd3+ 12. Qxd3 Nc5 13. Qd2 f5 14. Be3 a6 15. h3
Qf7 16. O-O-O Bd7 17. Rh2 Na4 18. Nxa4 Bxa4 19. b3 Bd7 20. Rf2 Qe7 21. Bg5 Bf6
22. Bxf6 Rxf6 23. Rdf1 b5 24. cxb5 axb5 25. g4 c5 26. Ne2 f4 27. g5 Rf7 28. h4
b4 29. Kb1 Bb5 30. Rh1 Ra3 31. Nc1 Rf8 32. h5 Be8 33. hxg6 Bxg6 34. Rg2 Rfa8
35. Qe2 Qb7 36. Rh6 Qa6 37. Qf2 Qa7 38. Rgh2 Qg7 39. Qh4 R8a7 40. Qh3 Qf7 41.
Qc8+ Kg7 42. Nd3 Ra8 43. Qh3 Kg8 44. Rc2 44... Qe7 {#} 45. Rxg6+ hxg6 46. Rh2
Qg7 47. Qe6+ Kf8 48. Qxd6+ Ke8 49. Qxe5+ Qxe5 50. Nxe5 R3a6 51. Nc4 1-0

[Event "Deutsche Einzelmeisterschaft"]
[Site "Heringsdorf"]
[Date "2000.11.22"]
[Round "6"]
[White "Hammes, Michael"]
[Black "Zeller, Frank"]
[Result "0-1"]
[WhiteElo "2401"]
[BlackElo "2434"]
[PlyCount "96"]

1. d4 Nf6 2. c4 e6 3. Nf3 b6 4. e3 Bb7 5. Bd3 c5 6. O-O d6 7. b3 Nbd7 8. Bb2
Be7 9. Qe2 O-O 10. Nc3 Re8 11. Rad1 cxd4 12. Nxd4 Bf8 13. e4 g6 14. Bb1 a6 15.
Kh1 Qc7 16. f4 Bg7 17. Nf3 Rad8 18. Rde1 Qb8 19. Qf2 b5 20. cxb5 axb5 21. b4
Rc8 22. Bd3 {#} 22... Rxc3 23. Bxc3 Nxe4 24. Bxe4 Bxc3 25. Re2 Bxe4 26. Rxe4 d5
27. Re3 Bxb4 28. Rb3 Bf8 29. Ne5 Nc5 30. Rh3 Qd8 31. Qb2 Qf6 32. Qxb5 Ra8 33.
a3 Qf5 34. Qc6 Ra4 35. Nd3 Nxd3 36. Qxa4 Nf2+ 37. Kg1 Nxh3+ 38. gxh3 Qxh3 39.
Qd1 Bxa3 40. Qf3 Bc5+ 41. Kh1 Qf5 42. h3 Bd6 43. Kg2 h6 44. Qg4 Qe4+ 45. Qf3
Qd4 46. Rf2 Kg7 47. Kh1 Kf6 48. Kg2 Qe4 0-1

[Event "Deutsche Einzelmeisterschaft"]
[Site "Heringsdorf"]
[Date "2000.11.22"]
[Round "6"]
[White "Barmbold, Jens"]
[Black "Stahr, Ralf-Peter"]
[Result "1-0"]
[WhiteElo "2270"]
[BlackElo "2144"]
[PlyCount "95"]

1. d4 Nf6 2. Nf3 d5 3. c4 e6 4. g3 c6 5. Bg2 Bb4+ 6. Bd2 Qe7 7. a3 Bd6 8. Nc3
dxc4 9. e4 Bc7 10. O-O Nbd7 11. e5 Nd5 12. Ng5 Nxc3 13. bxc3 Nb6 14. Qe2 Bd7
15. a4 a5 16. Ne4 O-O 17. Bc1 Rfb8 18. Qg4 Kh8 19. Qh5 f6 20. Ba3 Qe8 21. Qxe8+
Bxe8 22. exf6 gxf6 23. Be7 Nd5 24. Bxf6+ Kg8 25. Be5 Bxe5 26. dxe5 Bg6 27. Nc5
Nxc3 28. Nxe6 Ne2+ 29. Kh1 Bf5 30. Nc5 b6 31. Ne4 Ra7 32. Nd6 Bd3 33. Bxc6 c3
34. Bb5 Bxb5 35. Nxb5 Rd7 36. e6 Rd2 37. Rfe1 Rc8 38. e7 Kf7 39. Rxe2 Rxe2 40.
Nd6+ Kxe7 41. Nxc8+ Ke6 42. Kg2 Rb2 43. Rc1 c2 44. f4 b5 45. axb5 a4 46. Nb6 a3
47. Nc4 Kd5 48. Nxa3 1-0